All 100k+ Cities in the United Kingdom on a Map - Statistics

General Stats
  • This quiz has been taken 3,497 times
  • The average score is 43 of 79
Answers on the Map
Answers color-coded by a green-red scale on the quiz's map according to % correct below.
 
Answer Stats
Pop City % Correct
522 k Edinburgh
96%
999 k Glasgow
96%
10.6 m London
96%
2.68 m Manchester
96%
2.57 m Birmingham
94%
898 k Liverpool
94%
613 k Belfast
92%
467 k Cardiff
92%
1.86 m Leeds
91%
801 k Newcastle upon Tyne
91%
900 k Southampton
88%
211 k Aberdeen
87%
668 k Bristol
87%
267 k Plymouth
83%
719 k Sheffield
83%
773 k Nottingham
81%
308 k Swansea
81%
501 k Brighton and Hove
80%
543 k Leicester
79%
175 k Oxford
79%
163 k Cambridge
77%
318 k Kingston upon Hull
77%
228 k Norwich
77%
164 k York
75%
159 k Dundee
73%
240 k Blackpool
70%
486 k Bournemouth
67%
409 k Coventry
66%
129 k Exeter
65%
280 k Derby
63%
184 k Ipswich
63%
337 k Reading
63%
384 k Stoke-on-Trent
63%
338 k Sunderland
63%
103 k Bath
62%
231 k Northampton
61%
384 k Middlesbrough
59%
317 k Newport
58%
274 k Luton
56%
162 k Gloucester
54%
123 k Lincoln
54%
309 k Southend-on-Sea
52%
323 k Preston
49%
148 k Blackburn
48%
245 k Milton Keynes
48%
105 k Worcester
48%
179 k Peterborough
47%
139 k Colchester
44%
196 k Swindon
43%
102 k Lancaster
42%
164 k Doncaster
39%
173 k Slough
39%
180 k Wigan
37%
134 k Grimsby
35%
138 k Hastings
35%
329 k Birkenhead
34%
118 k Cheltenham
34%
125 k Eastbourne
34%
153 k Burnley
33%
114 k Bedford
30%
119 k Chelmsford
30%
192 k Crawley
30%
172 k Warrington
29%
119 k Maidstone
27%
156 k Telford
27%
237 k Barnsley
26%
114 k Chesterfield
25%
255 k Gillingham
24%
114 k Basingstoke
23%
156 k Basildon
22%
137 k High Wycombe
22%
132 k Margate
22%
103 k Falkirk
21%
181 k Mansfield
19%
125 k Motherwell
16%
131 k Burton-on-Trent
13%
120 k Paignton
12%
258 k Farnborough
11%
128 k Accrington
9%
No matching quizzes found
Score Distribution
Percent of People with Each Score
Percentile by Number Answered
Your Score History
You have not taken this quiz